LEADER 01116nam--2200385---450- 001 990001968100203316 005 20060605123127.0 035 $a000196810 035 $aUSA01000196810 035 $a(ALEPH)000196810USA01 035 $a000196810 100 $a20040831d1972----km-y0itay0103----ba 101 $afre 102 $aFR 105 $a||||||||001yy 200 1 $aRévolutionnaires sans Révolution$fAndré Thirion 210 $aParis$cLaffout$d1972 215 $a579 p.$d24 cm 410 0$12001 454 1$12001 461 1$1001-------$12001 607 $aFrancia$xSurrealismo 700 1$aTHIRION,$bAndré$0456423 801 0$aIT$bsalbc$gISBD 912 $a990001968100203316 951 $aII.1.D. 162a(VII B 110)$b64895 L.M.$cVII B 951 $aII.1.D. 162(II f B 234)$b75344 L.M.$cII f 959 $aBK 969 $aUMA 979 $aSIAV7$b10$c20040831$lUSA01$h1342 979 $aSIAV7$b10$c20040831$lUSA01$h1343 979 $aCOPAT4$b90$c20050916$lUSA01$h1056 979 $aCOPAT6$b90$c20060605$lUSA01$h1231 996 $aRevolutionnaires sans revolution$9165519 997 $aUNISA LEADER 01136nam--2200397---450- 001 990006125130203316 005 20160215095459.0 010 $a978-1-138-77814-6 035 $a000612513 035 $aUSA01000612513 035 $a(ALEPH)000612513USA01 035 $a000612513 100 $a20160215d2016----km-y0itay50------ba 101 $aeng 102 $aGB 105 $a||||||||001yy 200 1 $aItalian mobilities$fedited by Ruth Ben Ghiat and Stephanie Malia Hom 210 $aAbingdon$cRoutledge$d2016 215 $a206 p.$d24 cm 225 2 $aChanging mobilities 410 0$12001$aChanging mobilities 454 1$12001 461 1$1001-------$12001 606 0 $aEmigrazione$yItalia$2BNCF 676 $a304.80945 700 1$aBEN-GHIAT,$bRuth$0167217 701 1$aHOM,$bStephanie Malia$0715542 801 0$aIT$bsalbc$gISBD 912 $a990006125130203316 951 $aII.5. 8130$b11403 LG.$cII.5.$d385434 959 $aBK 969 $aUMA 979 $aFIORELLA$b90$c20160215$lUSA01$h0952 979 $aFIORELLA$b90$c20160215$lUSA01$h0954 996 $aItalian mobilities$91384936 997 $aUNISA